| 000 | 01817nab a2200301 i 4500 | ||
|---|---|---|---|
| 003 | BR-BrBNA | ||
| 005 | 20230824075212.0 | ||
| 008 | 230605b2021 bl.ar|pofa||| 00| 0 eng | | ||
| 040 |
_aBR-BrBNA _beng |
||
| 072 | _aH20 | ||
| 072 | _aF70 | ||
| 100 | _aBarbosa, Leonardo de Oliveira | ||
| 100 | _aDuarte, Elizabeth Amélia Alves | ||
| 100 | _aPereira, Jadergudson | ||
| 100 | _aBezerra, José Luiz | ||
| 245 | _aA new species of Xylaria on Salzmannia nitida in Bahia, Brazil | ||
| 500 | _aPublicação on-line; 11 ref.; 1 table; 2 illus.; Summaries (En, Pt) | ||
| 520 | _a Xylaria salzmanniae sp. nov. is described on dead leaves of Salzmannia nitida (Rubiaceae) in Serra da Jiboia, municipality of Santa Teresinha, semiarid region of Bahia, Brazil. Key words: Brazilian fungi, Rubiaceae, Taxonomy, Xylariaceae. | ||
| 520 | _aUma nova espécie de Xylaria em Salzmannia nitida na Bahia, Brasil. Xylaria salzmanniae sp. nov. é descrita em folhas mortas de Salzmannia nitida (Rubiaceae) na Serra da Jiboia, município de Santa Teresinha, região semiárida da Bahia, Brasil. Palavras-chave: Fungos brasileiros, Rubiaceae, Taxonomia, Xylariaceae. | ||
| 650 | _aFUNGO | ||
| 650 | _aRUBIACEAE | ||
| 650 | _aTAXONOMIA | ||
| 773 | 0 |
_01823 _925140 _dItabuna-BA Comissão Executiva do Plano de Lavoura Cacaueira 1989 _o2023-435719 _tAgrotrópica (Brazil) _x0103-3816 _gv. 33(2) p. 127-130; (May-Aug 2021) _wBR2023000618 |
|
| 856 | _uhttps://www.gov.br/agricultura/pt-br/assuntos/ceplac/publicacoes/revista-agrotropica/artigos/2021/01033816.2021v33n2p127130.pdf | ||
| 856 | _uhttps://www.gov.br/agricultura/pt-br/assuntos/ceplac/publicacoes/revista-agrotropica/revista-volumes/2000-a-2010/RevistaAgrotropicaVol.33n22021.pdf | ||
| 942 | _cAnalítica | ||
| 999 |
_c9307 _d9307 |
||